Los métodos para la exploración logopédica /

Desarrollo de métodos de diagnóstico y detección de los trastornos de lenguaje en la educación especial, con la finalidad de establecer los criterios que adoptarán los Departamentos de Logopedia de los Centros de Diagnóstico y Orientación en Cuba. La logopedia es la disciplina encargada del estudio...

Descripció completa

Guardat en:
Dades bibliogràfiques
Altres autors: Cárdenas Toledo, Celsa (autor) (autor)
Format: Llibre
Idioma:espanyol
Publicat: La Habana, Cuba : Ministerio de Educación : Libros para la Educación, 1979, c1979
Matèries:
Etiquetes: Afegir etiqueta
Sense etiquetes, Sigues el primer a etiquetar aquest registre!

MARC

LEADER 00000nam^a2200000^a^4500
001 000311100
005 20250521000000.0
009 20260310113034.727
025 |a Donación Héctor Garza, 1 ejemplar 
037 |a Acervo Xavier Clavigero 
041 |a ESP 
082 |a 371. 914  |b MET 
245 0 4 |a Los métodos para la exploración logopédica /  |c C. Cárdenas Toledo... [et al.]. 
264 4 |a La Habana, Cuba :  |b Ministerio de Educación :  |b Libros para la Educación,  |c 1979, c1979 
300 |a 68 p. 
336 |a texto  |b txt  |2 rdacontenido 
337 |a sin mediación  |b n  |2 rdamedio 
338 |a volumen  |b nc  |2 rdasoporte 
520 |a Desarrollo de métodos de diagnóstico y detección de los trastornos de lenguaje en la educación especial, con la finalidad de establecer los criterios que adoptarán los Departamentos de Logopedia de los Centros de Diagnóstico y Orientación en Cuba. La logopedia es la disciplina encargada del estudio de los problemas del lenguaje. 
649 |a XX 
650 |a Alumnos de Lento Aprendizaje 
650 |a Retardo en el Desarrollo del Lenguaje 
650 |a Trastornos del Lenguaje -  |x Tema Principal 
650 |a Trastornos del Lenguaje -  |x Rehabilitación 
650 |a Problemas de Aprendizaje 
650 |a Lenguaje y Educación 
650 |a Psicolingüística 
650 |a Psicología Educativa 
650 |a Educación Primaria 
650 |a Educación Especial 
700 |a Cárdenas Toledo, Celsa  |e (autor) 
910 |a Fondo General 
920 |a Impresos - Libros 
930 |a Colección General 
905 |a 101 
901 |a 0500197770  |b IT1  |c ACC  |i D  |u 20250521 
902 |a https://opac.biblio.iteso.mx/vufind/Record/000311100